Word Ladder: 1978 Romantic Comedy Quiz Stats

 Plays Quiz Updated Jan 14, 2018

Score 0/22 Timer 03:00
0 Plays Today
Hint 4-Letter Word % Correct
'Better luck ___ time!'•NEXT•
97.9%
Written message sent by phoneTEXT
97.1%
US weekly news magazine•TIME•
97%
DomesticatedTAME
96.9%
Tidy, orderlyNEAT
96.6%
Close, not distantNEAR
96.4%
1978, for example•YEAR•
96.3%
'It's all the ___ to me.'•SAME•
95.9%
An exam, or a type of cricket matchTEST
95.6%
Daiquiri or margarita flavoringLIME
94.8%
Rickman, Arkin, or Cumming, e.g.◘ALAN◘
92.2%
Hint 4-Letter Word % Correct
'Let him that thinketh he standeth take heed ___ he fall.'LEST
89.5%
___ MaterALMA
88.1%
Interjection of woe or regretALAS
84.4%
Charitable givingALMS
82.4%
Actor who portrayed M*A*S*H's Hawkeye◘ALDA◘
82.1%
Endure, abideLAST
78.6%
A fabric interwoven with fine metallic strandsLAMÉ
74.5%
To emit a coherent beam of lightLASE
71.1%
'A man, a ___, a canal...'PLAN
68.3%
Bring forth a young goatYEAN
48.3%
A black ermine furPEAN
43.8%

Today's Daily Dose

You're not logged in!

Compare scores with friends on all Sporcle quizzes.
OR
Log In

Show Comments

Extras

Top Quizzes Today


Score Distribution

Your Account Isn't Verified!

In order to create a playlist on Sporcle, you need to verify the email address you used during registration. Go to your Sporcle Settings to finish the process.

Report this User

Report this user for behavior that violates our Community Guidelines.

Details: